| 000 | 00585nam a22001937a 4500 | ||
|---|---|---|---|
| 003 | CEME | ||
| 005 | 20210628202738.0 | ||
| 008 | 210317b xxu||||| |||| 00| 0 eng d | ||
| 020 | _a0-7106-1243-5 | ||
| 040 | _c. | ||
| 082 | _a355-MC JAN'W | ||
| 100 |
_aWilliamson, John _959574 |
||
| 245 | _aJanes military communication 1987, 1992-93, 1995-96 | ||
| 250 | _a16TH | ||
| 260 |
_aUK _bJANE'S INFORMATION GROUP _c1994 |
||
| 300 | _a949P | ||
| 650 |
_aRADIO COMMUNICATIONS SATELLITE SYSTEM AND EQUIPMENT ELECTRONIC WARFARE SURVEILLANCE AND SIGNAL ANALYSIS _961390 |
||
| 942 |
_cBK _2ddc |
||
| 999 |
_c570859 _d570859 |
||